| 000 | 00506nam a2200229Ia 4500 | ||
|---|---|---|---|
| 003 | IT-RoPAU | ||
| 008 | 120407s9999 xx 000 0 und d | ||
| 040 | _aIT-RoPAU | ||
| 040 | _cIT-RoPAU | ||
| 041 | _aita | ||
| 100 | _aJean Vanier | ||
| 245 | _aLi fece uomo e donna. Per una vita d’amore autentica. | ||
| 250 | _aMilano | ||
| 260 | _aJaca Book | ||
| 260 | _c1986 | ||
| 300 | _a190 p. | ||
| 300 | _c23 cm | ||
| 490 | _aGià e non ancora | ||
| 490 | _v1130 | ||
| 942 | _cBK | ||
| 999 |
_c27901 _d27901 |
||